000 00421nam a2200181Ia 4500
003 0100
008 130303s9999 xx 000 0 und d
040 _cARRUPELIB
050 _aLC67.Z33K451991
100 _aKelly, Michael
245 _aEducation in a declining economy
245 _bThe case of zambia
260 _aWashington D.C.
260 _bThe world bank
260 _C1991
300 _a207p
942 0 0 _02
999 _c20066
_d20066